এশিয়া : (Record no. 4043)
[ view plain ]
| 000 -LEADER | |
|---|---|
| fixed length control field | 00678nam a2200229 a 4500 |
| 001 - CONTROL NUMBER | |
| JCCL Control Number | 4043 |
| 003 - CONTROL NUMBER IDENTIFIER | |
| JCCL marc code | BD-JhCC |
| 005 - DATE AND TIME OF LATEST TRANSACTION | |
| control field | 20171122170647.0 |
| 008 - FIXED-LENGTH DATA ELEMENTS--GENERAL INFORMATION | |
| fixed length control field | 171122s2001 bg ||||| |||| 00| 0 ben d |
| 020 ## - INTERNATIONAL STANDARD BOOK NUMBER | |
| International Standard Book Number | 9844330580 |
| 035 ## - SYSTEM CONTROL NUMBER | |
| system control number | (BD-JhCC)4043 |
| 040 ## - CATALOGING SOURCE | |
| Original cataloging agency | BD-JhCC |
| Modifying agency | BD-JhCC |
| 041 ## - LANGUAGE CODE | |
| Language code of Book | ben |
| 082 ## - DEWEY DECIMAL CLASSIFICATION NUMBER | |
| Classification number | 330.95 |
| Author mark and Year | MOH 2001 |
| 100 ## - MAIN ENTRY--PERSONAL NAME | |
| Personal name | মোহাম্মদ, মাহাথির |
| 245 ## - TITLE STATEMENT | |
| Title | এশিয়া : |
| Remainder of title | প্রত্যাশা ও সম্ভবনা / |
| Statement of responsibility, etc | মাহাথির মোহাম্মদ |
| 300 ## - PHYSICAL DESCRIPTION | |
| Pagination | 111 p. : |
| Dimensions | 21 cm. |
| 650 ## - SUBJECT ADDED ENTRY--TOPICAL TERM | |
| Topical term or geographic name as entry element | Economic History |
| Geographic subdivision | Asia |
| 650 ## - SUBJECT ADDED ENTRY--TOPICAL TERM | |
| Topical term or geographic name as entry element | Diplomatic relations |
| 942 ## - ADDED ENTRY ELEMENTS (KOHA) | |
| Source of classification or shelving scheme | Dewey Decimal Classification |
| Koha item type | Books |
| Source of classification or shelving scheme | Damaged status | Not for loan | Home library | Current library | Shelving location | Date of accession | Cost, normal purchase price | Total Checkouts | Full call number | Barcode | Date last seen | Copy number | Koha item type |
|---|---|---|---|---|---|---|---|---|---|---|---|---|---|
| Dewey Decimal Classification | JCC Rouf Library | JCC Rouf Library | General Stacks | 11/22/2017 | 125.00 | 330.95 MOH 2001 | 5772 | 11/22/2017 | C-1 | Books |